| 000 | 00529nam a2200193Ia 4500 | ||
|---|---|---|---|
| 003 | OSt | ||
| 005 | 20240813165408.0 | ||
| 008 | 210210b1968 xxu||||| |||| 00| 0 eng d | ||
| 040 | _cAL | ||
| 041 | _akan | ||
| 082 | _aK894.3 JANK | ||
| 100 |
_aJANARDANA GURKAR: _dಜನಾರ್ಧನ್ ಗುರ್ಕಾರ್ _9177193 |
||
| 245 |
_aKapimushti: _bಕಪಿಮುಷ್ಠಿ |
||
| 260 |
_aMaisuru _bSamaja Pustakalaya _c1968 |
||
| 300 | _a181 | ||
| 690 |
_aKannada Fiction _9177194 |
||
| 906 | _a028326 | ||
| 942 |
_2ddc _cBK |
||
| 999 |
_c79577 _d79577 |
||